000 00339nam a2200145Ia 4500
005 20251222143243.0
008 251222s9999||||xx |||||||||||||| ||spa||
020 _a84-301-0671-5
082 _a270/R27
100 _aRatzinger, Joseph
245 0 _aIntroducción al Cristianismo
250 _a5a.ed.
264 _bSígueme
942 _cLIB
999 _c14666
_d14666